| 000 | 00625nam a2200181 a 4500 | ||
|---|---|---|---|
| 001 | 000035543 | ||
| 005 | 20200930074423.0 | ||
| 008 | 111103s1994 sp 000 0 spa d | ||
| 020 | _a8480880481 | ||
| 040 |
_aDO-SdBNP _bspa _cBNPHU |
||
| 100 | 1 |
_aAlet i Vilaginés, Josep. _961436 |
|
| 245 | 1 | 0 |
_aMarketing relacional : _bcómo obtener clientes leales y rentables / _cJosep Alet i Vilaginés. |
| 260 |
_aBarcelona, España : _bEdiciones Gestión 2000, _c1994. |
||
| 300 |
_a190 p. : _bil. ; _c26 cm. |
||
| 500 | _aIncluye datos biográficos del autor en la solapa | ||
| 500 | _aTexto a dos columnas | ||
| 504 | _aBibliografía | ||
| 999 |
_c35034 _d35034 |
||